[Event "Team men HL chess 2016"]
[Site "Sochi"]
[Date "2016.05.05"]
[Round "5.7"]
[White "Sin, Denis"]
[Black "Nechaev, Oleg"]
[Result "0-1"]
[WhiteElo "2312"]
[BlackElo "2343"]
[PlyCount "60"]
[EventDate "2016.05.01"]

1. d4 Nf6 2. c4 c5 3. d5 b5 4. cxb5 a6 5. b6 g6 6. Nf3 Bg7 7. Nc3 O-O 8. e4 d6
9. a4 a5 10. Bb5 Nbd7 11. O-O Nxb6 12. Re1 Ba6 13. Qe2 Bxb5 14. axb5 Qd7 15. h3
Ne8 16. e5 Nc7 17. Rd1 a4 18. Bf4 Ra5 19. Qe4 Nxb5 20. Ne2 Nc7 21. Bd2 Rb5 22.
Nc3 Rxb2 23. Nxa4 Nxa4 24. Rxa4 Nxd5 25. Ra3 e6 26. exd6 Qxd6 27. Qc4 Rfb8 28.
Qc1 c4 29. Ra4 c3 30. Bxc3 Nxc3 0-1

[Event "Team men HL chess 2016"]
[Site "Sochi"]
[Date "2016.05.05"]
[Round "5.7"]
[White "Rozhko, Dmitry"]
[Black "Khokhlova, Daria"]
[Result "1-0"]
[WhiteElo "2298"]
[BlackElo "2204"]
[PlyCount "93"]
[EventDate "2016.05.01"]

1. d4 g6 2. Nf3 Bg7 3. g3 d6 4. Bg2 Nf6 5. O-O O-O 6. a4 c6 7. Nbd2 Qc7 8. e4
Bg4 9. c3 Nbd7 10. Qc2 e5 11. b3 Rfe8 12. Re1 Rad8 13. Bb2 Nf8 14. c4 N6d7 15.
dxe5 dxe5 16. h3 Bxf3 17. Nxf3 Ne6 18. Rad1 c5 19. Rd5 Nd4 20. Nxd4 cxd4 21. b4
Bf8 22. Qb3 Rc8 23. f4 Nb6 24. c5 Nxd5 25. exd5 exf4 26. Rf1 Re3 27. Qc4 Bg7
28. Rxf4 Rxg3 29. Re4 Qd7 30. Kh2 Rg5 31. d6 Qf5 32. Qf1 Qxf1 33. Bxf1 Re5 34.
Bd3 Rxe4 35. Bxe4 Rb8 36. Kg2 Be5 37. a5 Kf8 38. Kf3 Ke8 39. b5 f6 40. Ba3 a6
41. c6 bxc6 42. Bxc6+ Kd8 43. Bc5 axb5 44. a6 d3 45. a7 Kc8 46. axb8=Q+ Kxb8
47. d7 1-0

[Event "Team men HL chess 2016"]
[Site "Sochi"]
[Date "2016.05.05"]
[Round "5.8"]
[White "Bezgodov, Alexei"]
[Black "Chekhov, Sergei"]
[Result "0-1"]
[WhiteElo "2512"]
[BlackElo "2465"]
[PlyCount "84"]
[EventDate "2016.05.01"]

1. e4 c5 2. Nc3 e6 3. Nf3 a6 4. d4 cxd4 5. Nxd4 Qc7 6. Bd3 Nc6 7. Nxc6 bxc6 8.
Qe2 e5 9. f4 d6 10. g4 Rb8 11. Bxa6 Bxa6 12. Qxa6 exf4 13. Bxf4 Ne7 14. O-O-O
Ng6 15. Bg3 Be7 16. h4 O-O 17. h5 Ne5 18. Bxe5 dxe5 19. a3 Rb6 20. Qc4 Qa7 21.
Rd3 Bg5+ 22. Kb1 Qxa3 23. Na4 Rb4 24. Qxf7+ Rxf7 25. Rxa3 Rxe4 26. Nc5 Rxg4 27.
Ra8+ Rf8 28. Rxf8+ Kxf8 29. Nd7+ Ke7 30. Nxe5 Rh4 31. Nxc6+ Kf6 32. Rxh4 Bxh4
33. c4 Kg5 34. Kc2 Kxh5 35. Kd3 Kg4 36. Ke4 Bf6 37. c5 h5 38. Ne5+ Kg3 39. b4
h4 40. Nf3 h3 41. b5 g5 42. b6 Bd8 0-1

[Event "Team men HL chess 2016"]
[Site "Sochi"]
[Date "2016.05.05"]
[Round "5.8"]
[White "Rodin, Dmitrij"]
[Black "Vokarev, Sergey"]
[Result "1/2-1/2"]
[WhiteElo "2363"]
[BlackElo "2461"]
[PlyCount "111"]
[EventDate "2016.05.01"]

1. e4 e5 2. Nf3 Nc6 3. Bb5 a6 4. Ba4 Nf6 5. O-O Be7 6. Re1 b5 7. Bb3 d6 8. c3
O-O 9. h3 Nb8 10. d4 Nbd7 11. Nbd2 c5 12. Nf1 Re8 13. Ng3 exd4 14. cxd4 cxd4
15. Nxd4 Bf8 16. Bg5 Bb7 17. Ndf5 h6 18. Bf4 Nc5 19. Bc2 Ncxe4 20. Nxe4 Bxe4
21. Bxe4 Rxe4 22. Rxe4 Nxe4 23. Qg4 g5 24. Be3 d5 25. Rd1 Rc8 26. h4 Rc4 27.
Bd4 Rc6 28. Qf3 Qc7 29. hxg5 Nxg5 30. Qxd5 Rc1 31. Be3 Rxd1+ 32. Qxd1 Qc4 33.
Qd8 Ne6 34. Qe8 Qxa2 35. Nxh6+ Kh7 36. Qxf7+ Bg7 37. Ng4 Qb1+ 38. Kh2 Qg6 39.
Qf3 Bxb2 40. g3 Bg7 41. Bf4 b4 42. Be5 Ng5 43. Qf4 b3 44. Bxg7 Kxg7 45. Qe5+
Kg8 46. Qb8+ Kg7 47. Qe5+ Kg8 48. Qb8+ Kh7 49. Ne5 Qe6 50. Qb7+ Kh6 51. Nd3 a5
52. Nf4 Qe4 53. Qxb3 a4 54. Qg8 Nf3+ 55. Kh3 Ng5+ 56. Kh2 1/2-1/2

[Event "Team men HL chess 2016"]
[Site "Sochi"]
[Date "2016.05.05"]
[Round "5.8"]
[White "Ozgibcev, Anatoly"]
[Black "Zhurikhin, Alexander"]
[Result "1/2-1/2"]
[WhiteElo "2375"]
[BlackElo "2334"]
[PlyCount "120"]
[EventDate "2016.05.01"]

1. e4 c6 2. d3 d5 3. Nd2 e5 4. Ngf3 Bd6 5. g3 Ne7 6. Bg2 O-O 7. O-O Bc7 8. Re1
f6 9. c3 a5 10. Bf1 Bg4 11. h3 Bh5 12. Qc2 h6 13. d4 Nd7 14. c4 dxe4 15. Qxe4
f5 16. Qh4 Bxf3 17. Nxf3 e4 18. Bf4 Rf6 19. Bxc7 Qxc7 20. Qh5 Ng6 21. Nh2 Kh7
22. Bg2 Ndf8 23. Rad1 Ne6 24. Rd2 Rd8 25. Qd1 Qb6 26. c5 Qb4 27. a3 Qc4 28. Bf1
Qd5 29. Qa4 Nxc5 30. Qxa5 Nb3 31. Qxd5 Rxd5 32. Rdd1 Rxd4 33. g4 Nd2 34. Bg2
Nh4 35. gxf5 Rxf5 36. Rxd2 Rxd2 37. Bxe4 Rxb2 38. Rd1 Kg8 39. Bxf5 Nxf5 40. Ng4
Kf7 41. Rd7+ Ke6 42. Rc7 h5 43. Ne3 Nxe3 44. fxe3 g5 45. a4 Kf5 46. a5 Ke4 47.
a6 bxa6 48. Rxc6 Kf3 49. e4 g4 50. hxg4 hxg4 51. Rf6+ Kg3 52. Rf1 Kh3 53. Re1
Rb6 54. e5 Re6 55. Re3+ g3 56. Re1 Kg4 57. Kg2 Kf4 58. Ra1 Kxe5 59. Kxg3 Rf6
60. Kg4 Kd4 1/2-1/2

[Event "Team men HL chess 2016"]
[Site "Sochi"]
[Date "2016.05.05"]
[Round "5.8"]
[White "Kostin, Alexey"]
[Black "Murzin, Volodar"]
[Result "1-0"]
[WhiteElo "2288"]
[BlackElo "2170"]
[PlyCount "85"]
[EventDate "2016.05.01"]

1. e4 c5 2. Nf3 d6 3. c3 Nf6 4. h3 g6 5. Bd3 Bg7 6. O-O O-O 7. Bc2 e5 8. d4
cxd4 9. cxd4 Nc6 10. Nc3 Re8 11. d5 Nd4 12. Be3 Nxc2 13. Qxc2 Bd7 14. Qb3 b6
15. Rfc1 b5 16. Nd2 a6 17. a4 bxa4 18. Qa3 Bb5 19. Nxb5 axb5 20. Rc6 Bf8 21.
Bb6 Qd7 22. Qf3 Bg7 23. Bc7 Rec8 24. Rac1 Ne8 25. Ba5 Rcb8 26. Bb4 Bh6 27. Qa3
Qb7 28. R1c2 Bxd2 29. Rxd2 Rc8 30. Rdc2 Rxc6 31. dxc6 Qc7 32. Qd3 Rb8 33. Qd5
Kg7 34. g3 f6 35. Qe6 Qc8 36. Qe7+ Kg8 37. c7 Ra8 38. Bxd6 Nxd6 39. Qxd6 Kg7
40. Qe7+ Kh6 41. Rd2 Qxh3 42. Rd8 Qg4 43. Qxf6 1-0

[Event "Team men HL chess 2016"]
[Site "Sochi"]
[Date "2016.05.05"]
[Round "5.9"]
[White "Grishchenko, Sergey"]
[Black "Tukhaev, Adam"]
[Result "1-0"]
[WhiteElo "2441"]
[BlackElo "2536"]
[PlyCount "47"]
[EventDate "2016.05.01"]

1. d4 Nf6 2. c4 g6 3. Nc3 Bg7 4. e4 d6 5. Be2 O-O 6. Be3 Na6 7. g4 e5 8. d5 Nc5
9. Bf3 a5 10. h4 Ne8 11. h5 f5 12. hxg6 hxg6 13. gxf5 gxf5 14. Nh3 f4 15. Bxc5
dxc5 16. Bg4 f3 17. Rg1 Ra6 18. Qd3 Bxg4 19. Rxg4 Qd7 20. Rg3 Rh6 21. Qf1 Nf6
22. Rxf3 Nxd5 23. Rd3 Qg4 24. cxd5 1-0

[Event "Team men HL chess 2016"]
[Site "Sochi"]
[Date "2016.05.05"]
[Round "5.9"]
[White "Gabrielian, Artur"]
[Black "Potapov, Alexey"]
[Result "1-0"]
[WhiteElo "2520"]
[BlackElo "2368"]
[PlyCount "129"]
[EventDate "2016.05.01"]

1. e4 d6 2. d4 Nf6 3. Nc3 e5 4. Nf3 Nbd7 5. Bc4 Be7 6. O-O O-O 7. h3 c6 8. a4
a5 9. Re1 h6 10. Be3 Re8 11. Qe2 Qc7 12. Rad1 Nf8 13. Bb3 Bd8 14. d5 c5 15. Nd2
Ng6 16. Nb5 Qd7 17. Nc4 Bc7 18. Qf3 Nh4 19. Qg3 Ng6 20. Bc1 b6 21. c3 Ba6 22.
Bc2 Rf8 23. Nxc7 Qxc7 24. Ne3 Kh7 25. Nf5 Rae8 26. b3 Qd8 27. Qf3 Ng8 28. g3
N6e7 29. Ne3 Qd7 30. h4 g6 31. h5 g5 32. Bd2 Kg7 33. b4 Nf6 34. bxa5 bxa5 35.
Rb1 Rb8 36. c4 Rxb1 37. Rxb1 Qc7 38. Qd1 Ra8 39. Bc3 Ne8 40. Qd2 Bc8 41. Rb5
Bd7 42. Rxa5 Rxa5 43. Bxa5 Qb8 44. Bc3 f6 45. a5 Nc7 46. f4 Na6 47. fxe5 fxe5
48. Kg2 Qe8 49. Bd1 Qb8 50. Qb2 Qxb2+ 51. Bxb2 Be8 52. Bg4 Nb8 53. Kf2 Kf8 54.
Bc3 Bf7 55. Bf3 Na6 56. Bd2 Kg7 57. Nc2 Be8 58. Bg4 Nc7 59. Na3 Ng8 60. Be2 Nf6
61. Nb5 Na6 62. Nxd6 Bxh5 63. Bxh5 Nxh5 64. Bc3 Kf6 65. Nf5 1-0

[Event "Team men HL chess 2016"]
[Site "Sochi"]
[Date "2016.05.05"]
[Round "5.9"]
[White "Pogosian, Georgy"]
[Black "Yandarbiev, Ruslan"]
[Result "1/2-1/2"]
[WhiteElo "2184"]
[BlackElo "2353"]
[PlyCount "90"]
[EventDate "2016.05.01"]

1. d4 Nf6 2. Nf3 g6 3. c4 Bg7 4. Nc3 O-O 5. e4 d6 6. Be2 e5 7. O-O Nc6 8. d5
Ne7 9. Ne1 Nd7 10. Be3 f5 11. f3 f4 12. Bf2 g5 13. g4 h5 14. h3 Rf6 15. Nd3 Rh6
16. Kg2 Ng6 17. Rh1 Nh4+ 18. Bxh4 gxh4 19. Nf2 a5 20. Rc1 Rg6 21. Na4 Bf8 22.
Kf1 Kh7 23. Ke1 Kh6 24. Kd2 c6 25. Kc2 Qc7 26. Kb1 Qb8 27. gxh5 Rg2 28. Ng4+
Kxh5 29. Bf1 Rg3 30. Qb3 c5 31. Qd1 Qc7 32. Nc3 Be7 33. Ne2 Nf8 34. Nxg3+ hxg3
35. Bd3 Ng6 36. Bc2 Nh4 37. Ba4 Qd8 38. Bb5 Kg5 39. Rg1 Qf8 40. Rc3 Bd8 41. Qa4
Qe7 42. Qd1 Qf8 43. Qa4 Qe7 44. Qc2 Qf8 45. Qa4 Qe7 1/2-1/2

[Event "Team men HL chess 2016"]
[Site "Sochi"]
[Date "2016.05.05"]
[Round "5.9"]
[White "Kozak, Alexander"]
[Black "Parfenov, Viktor N"]
[Result "1-0"]
[WhiteElo "2280"]
[BlackElo "2167"]
[PlyCount "75"]
[EventDate "2016.05.01"]

1. e4 e6 2. Nf3 d5 3. Nc3 Nf6 4. e5 Nfd7 5. d4 c5 6. dxc5 Nc6 7. Bf4 Bxc5 8.
Bd3 f6 9. exf6 Qxf6 10. Bg5 Qf7 11. Qe2 O-O 12. O-O-O h6 13. Bd2 a6 14. Rde1
Nb6 15. Rhf1 Qf6 16. h4 Nd4 17. Nxd4 Bxd4 18. f4 Qxh4 19. Rh1 Qe7 20. Qh5 Bd7
21. g4 Be8 22. Qh3 Rc8 23. g5 Bxc3 24. Bxc3 Rxc3 25. bxc3 Bd7 26. gxh6 g6 27.
h7+ Kh8 28. Qe3 Na4 29. Qe5+ Qg7 30. Bxg6 Nxc3 31. Qxg7+ Kxg7 32. Kb2 Na4+ 33.
Ka1 Kxg6 34. Reg1+ Kf7 35. h8=Q Rxh8 36. Rxh8 Ke7 37. Rg7+ Kd6 38. Rh6 1-0

[Event "Team men HL chess 2016"]
[Site "Sochi"]
[Date "2016.05.05"]
[Round "5.10"]
[White "Ponomarenko, Alexandr"]
[Black "Triapishko, Olexandr"]
[Result "1/2-1/2"]
[WhiteElo "2240"]
[BlackElo "2474"]
[PlyCount "122"]
[EventDate "2016.05.01"]

1. e4 c5 2. Nf3 Nc6 3. d4 cxd4 4. Nxd4 e6 5. Be3 Nf6 6. Bd3 d5 7. exd5 Nxd5 8.
Nxc6 bxc6 9. Bd2 Rb8 10. Qc1 Be7 11. O-O O-O 12. Bc4 Bb7 13. Nc3 c5 14. Re1 Ba8
15. Ne4 Qb6 16. Rb1 Qc6 17. Bf1 Rfd8 18. a3 c4 19. Bg5 f6 20. Bd2 e5 21. Nc3
Rbc8 22. Nxd5 Rxd5 23. Be3 Rd7 24. Rd1 h5 25. Rxd7 Qxd7 26. Qd2 Qxd2 27. Bxd2
Be4 28. Rc1 Kf7 29. Be3 a5 30. Be2 g6 31. f3 Bd5 32. Rd1 Ke6 33. c3 Rb8 34. Rd2
g5 35. h3 h4 36. Bd1 Bc6 37. Be2 Bd5 38. Bd1 f5 39. Ba4 Rb7 40. Be8 f4 41. Bf2
Rb8 42. Bd7+ Kxd7 43. Rxd5+ Ke6 44. Rxa5 Rxb2 45. Bc5 Rb1+ 46. Kf2 Rb2+ 47. Kf1
Bd8 48. Ra6+ Kd5 49. Bb4 Bc7 50. Rg6 Rb1+ 51. Ke2 Rb2+ 52. Kf1 e4 53. Rxg5+ Be5
54. Ba5 exf3 55. gxf3 Ke6 56. Rg4 Rc2 57. Rxh4 Kf5 58. Rh5+ Kf6 59. Rh6+ Kf5
60. Rc6 Bxc3 61. Rxc4 Rc1+ 1/2-1/2

[Event "Team men HL chess 2016"]
[Site "Sochi"]
[Date "2016.05.05"]
[Round "5.10"]
[White "Kayukov, Kirill"]
[Black "Derevianchenko, Ilia"]
[Result "1/2-1/2"]
[WhiteElo "2166"]
[BlackElo "2308"]
[PlyCount "143"]
[EventDate "2016.05.01"]

1. c4 c5 2. Nc3 Nc6 3. g3 g6 4. Bg2 Bg7 5. e4 d6 6. Nge2 e6 7. d3 Nge7 8. O-O
O-O 9. a3 b6 10. Rb1 Bb7 11. b4 Qd7 12. Be3 h6 13. Qd2 Kh7 14. f4 f5 15. d4
cxd4 16. Nxd4 Rac8 17. exf5 Nxf5 18. Nxf5 gxf5 19. Nb5 Rfd8 20. Rfd1 Bf8 21. c5
bxc5 22. bxc5 d5 23. Nd6 Rb8 24. g4 d4 25. Bxd4 Nxd4 26. Bxb7 Bxd6 27. cxd6
Qxd6 28. Qf2 Qxf4 29. Qxf4 Ne2+ 30. Kf2 Nxf4 31. Rxd8 Rxd8 32. gxf5 exf5 33.
Ba6 Rd7 34. Bc8 Rf7 35. Rb5 Kg6 36. Kf3 Nh5 37. Rc5 Kg5 38. Rc4 Nf6 39. h4+ Kg6
40. Rc5 Ne4 41. Rc6+ Rf6 42. Rc7 Rb6 43. Rxa7 Nd6 44. Bd7 Kf6 45. Ba4 Nc4 46.
Bc2 Ne5+ 47. Ke3 Rc6 48. Bd3 f4+ 49. Ke4 Nxd3 50. Kxd3 Re6 51. Rh7 Kf5 52. Rg7
f3 53. h5 Re5 54. Rf7+ Kg4 55. Rf6 Kg3 56. Rxh6 Rf5 57. Rg6+ Kh2 58. Rb6 f2 59.
Rb2 Kg1 60. Rb1+ f1=Q+ 61. Rxf1+ Kxf1 62. Kc4 Rxh5 63. a4 Ke2 64. Kb4 Kd3 65.
a5 Rh1 66. a6 Kd4 67. Kb5 Rb1+ 68. Kc6 Rc1+ 69. Kb7 Rb1+ 70. Kc7 Kc5 71. a7 Rh1
72. a8=Q 1/2-1/2

[Event "Team men HL chess 2016"]
[Site "Sochi"]
[Date "2016.05.05"]
[Round "5.10"]
[White "Barash, Mikhail"]
[Black "Tereshechkina, Maya"]
[Result "0-1"]
[WhiteElo "2133"]
[BlackElo "2065"]
[PlyCount "119"]
[EventDate "2016.05.01"]

1. e4 e6 2. d4 d5 3. Nc3 dxe4 4. Nxe4 Bd7 5. Nf3 Bc6 6. Bd3 Nd7 7. Qe2 Ngf6 8.
Bg5 Be7 9. Nxf6+ Bxf6 10. Bf4 Bxf3 11. Qxf3 Bxd4 12. O-O-O Qf6 13. c3 Be5 14.
Be3 Qxf3 15. gxf3 a6 16. f4 Bd6 17. f5 exf5 18. Bxf5 Ne5 19. h4 g6 20. Be4
O-O-O 21. Bd5 Rhe8 22. h5 Rd7 23. Bd4 c5 24. Bxe5 Bxe5 25. Kc2 Bf4 26. Bf3 Red8
27. hxg6 Rxd1 28. Rxd1 Rxd1 29. Kxd1 fxg6 30. c4 h5 31. Ke2 Kc7 32. Kd3 Be5 33.
b3 b6 34. Be4 g5 35. Bg6 h4 36. Bf5 b5 37. f3 Kb6 38. Bc8 Ka5 39. Ke4 Bf4 40.
Kd3 Kb4 41. cxb5 axb5 42. Kc2 Ka3 43. Kb1 c4 44. bxc4 bxc4 45. Be6 Kb4 46. Kc2
Kc5 47. a4 Bc7 48. Kd2 Kd4 49. Ke2 Ba5 50. Bf5 Ke5 51. Bh7 Kf4 52. Kf2 Bb6+ 53.
Kg2 c3 54. Bg6 Ke3 55. Bh7 Ke2 56. Be4 Kd2 57. Kh3 c2 58. Bxc2 Kxc2 59. f4 gxf4
60. Kxh4 0-1

[Event "Team men HL chess 2016"]
[Site "Sochi"]
[Date "2016.05.05"]
[Round "5.11"]
[White "Vasilyev, Vasily"]
[Black "Taysayev, Timur"]
[Result "1-0"]
[WhiteElo "2308"]
[BlackElo "2231"]
[PlyCount "57"]
[EventDate "2016.05.01"]

1. d4 Nf6 2. Nf3 b6 3. g3 Bb7 4. c4 Bxf3 5. exf3 e6 6. Nc3 Bb4 7. Bd2 c5 8.
dxc5 bxc5 9. Bg2 Nc6 10. O-O O-O 11. f4 Rc8 12. a3 Ba5 13. Qa4 Nd4 14. b4 Bb6
15. b5 d5 16. Rfd1 Qd7 17. Be3 Rfd8 18. Rac1 Qb7 19. Bxd4 cxd4 20. Ne2 Bc5 21.
cxd5 Qb6 22. dxe6 d3 23. exf7+ Kf8 24. Nc3 Bxf2+ 25. Kh1 Rd4 26. Qb3 Be3 27.
Nd5 Qd8 28. Rxc8 Qxc8 29. Nxe3 1-0

[Event "Team men HL chess 2016"]
[Site "Sochi"]
[Date "2016.05.05"]
[Round "5.11"]
[White "Mestnikov, Aisen"]
[Black "Kulumbekov, Giya"]
[Result "1-0"]
[WhiteElo "2197"]
[BlackElo "2052"]
[PlyCount "81"]
[EventDate "2016.05.01"]

1. d4 d5 2. Nf3 Nf6 3. g3 c6 4. Bg2 e6 5. O-O Be7 6. c4 O-O 7. Nc3 Nbd7 8. Qd3
b6 9. Rd1 Ba6 10. b3 Rc8 11. e4 c5 12. exd5 exd5 13. dxc5 dxc4 14. bxc4 Bxc5
15. Nb5 Re8 16. Bb2 Nf8 17. Qf5 Qe7 18. Re1 Qd7 19. Qxd7 N8xd7 20. Bh3 Bxb5 21.
cxb5 Bxf2+ 22. Kxf2 Rc2+ 23. Kf1 Rxe1+ 24. Rxe1 Rxb2 25. Bxd7 Nxd7 26. Re7 Nf8
27. a4 g6 28. Rxa7 Ne6 29. Ne5 Ng5 30. Nc4 Rxh2 31. Nxb6 Ne4 32. Nd7 Nxg3+ 33.
Kg1 Rb2 34. b6 Ne2+ 35. Kf1 Nd4 36. b7 Nc6 37. Ra8+ Kg7 38. Nc5 h5 39. Rc8 h4
40. Rxc6 h3 41. Kg1 1-0

[Event "Team men HL chess 2016"]
[Site "Sochi"]
[Date "2016.05.05"]
[Round "5.11"]
[White "Tenikashvili, Georgij"]
[Black "Mestnikov, Aital"]
[Result "1-0"]
[WhiteElo "2319"]
[BlackElo "2188"]
[PlyCount "125"]
[EventDate "2016.05.01"]

1. d4 Nf6 2. c4 g6 3. Nc3 d5 4. Nf3 Bg7 5. Bg5 Ne4 6. cxd5 Nxg5 7. Nxg5 e6 8.
Nf3 exd5 9. b4 c6 10. e3 O-O 11. Rc1 a6 12. Be2 Qe7 13. Qb3 Be6 14. Na4 Nd7 15.
Nc5 Nf6 16. Bd3 Bg4 17. Ne5 Bf5 18. Bxf5 gxf5 19. Ncd3 Ne4 20. Qb2 Rae8 21. O-O
Kh8 22. a4 Nd6 23. Nf3 Bh6 24. Nd2 Rg8 25. Rfe1 Ne4 26. Nf1 Nd6 27. Ng3 Qh4 28.
f4 Re6 29. Qf2 Bf8 30. Ne5 Rh6 31. Nf3 Qg4 32. Rb1 Be7 33. Ne5 Qg7 34. Nf3 Ne4
35. Nxe4 fxe4 36. Nd2 Rh3 37. g3 f5 38. Nf1 Rh6 39. Re2 Rg6 40. Qe1 b6 41. Rc2
Rc8 42. Qe2 b5 43. axb5 axb5 44. Ra2 Qf8 45. Ra7 Ra8 46. Rba1 Rxa7 47. Rxa7
Bxb4 48. Qa2 Qd6 49. Qa6 Qf6 50. Rc7 h5 51. Qb7 h4 52. Qa8+ Bf8 53. Rc8 Kg7 54.
Qb7+ Kg8 55. Kg2 Qd6 56. Qa8 Kf7 57. Qb7+ Be7 58. Kh3 Rh6 59. Kg2 Qb4 60. Qd7
Rh7 61. Qe8+ Kf6 62. Rxc6+ Bd6 63. Qe5+ 1-0

[Event "Team men HL 2016"]
[Site "Sochi"]
[Date "2016.05.07"]
[Round "6.2"]
[White "Paravyan, David"]
[Black "Tregubov, Pavel V."]
[Result "1-0"]
[LiveChessVersion "1.4.4"]
[BlackElo "2593"]
[WhiteElo "2497"]

1. e4 {[%clk 1:30:56]} c5 {[%clk 1:30:52]} 2. Nf3 {[%clk 1:31:23]} Nc6
{[%clk 1:31:15]} 3. d4 {[%clk 1:31:50]} cxd4 {[%clk 1:31:38]} 4. Nxd4
{[%clk 1:32:17]} Nf6 {[%clk 1:31:59]} 5. Nc3 {[%clk 1:32:44]} e5 {[%clk 1:32:22]}
6. Ndb5 {[%clk 1:33:11]} d6 {[%clk 1:32:45]} 7. Bg5 {[%clk 1:33:38]} a6
{[%clk 1:33:07]} 8. Na3 {[%clk 1:34:06]} b5 {[%clk 1:33:27]} 9. Bxf6
{[%clk 1:34:32]} gxf6 {[%clk 1:33:47]} 10. Nd5 {[%clk 1:34:58]} f5
{[%clk 1:34:03]} 11. Bd3 {[%clk 1:35:21]} Be6 {[%clk 1:34:14]} 12. O-O
{[%clk 1:35:41]} Bxd5 {[%clk 1:33:50]} 13. exd5 {[%clk 1:36:07]} Ne7
{[%clk 1:34:14]} 14. c3 {[%clk 1:36:16]} Bg7 {[%clk 1:34:20]} 15. Qh5
{[%clk 1:36:06]} e4 {[%clk 1:28:21]} 16. Be2 {[%clk 1:36:21]} O-O
{[%clk 1:27:17]} 17. Nc2 {[%clk 1:36:40]} f4 {[%clk 1:15:57]} 18. f3
{[%clk 1:36:01]} Qb6+ {[%clk 1:07:39]} 19. Kh1 {[%clk 1:36:24]} e3
{[%clk 1:07:51]} 20. Rad1 {[%clk 1:35:41]} Ng6 {[%clk 1:07:14]} 21. Nd4
{[%clk 1:29:20]} Bxd4 {[%clk 1:05:42]} 22. Rxd4 {[%clk 1:29:41]} Rae8
{[%clk 1:01:17]} 23. g3 {[%clk 1:22:45]} fxg3 {[%clk 0:55:48]} 24. hxg3
{[%clk 1:22:54]} Qb7 {[%clk 0:34:01]} 25. f4 {[%clk 1:20:51]} f5 {[%clk 0:34:24]}
26. Re1 {[%clk 0:56:34]} Qf7 {[%clk 0:17:48]} 27. Qf3 {[%clk 0:47:43]} Re7
{[%clk 0:17:05]} 28. Bf1 {[%clk 0:45:11]} Rfe8 {[%clk 0:17:08]} 29. Bg2
{[%clk 0:38:50]} Nf8 {[%clk 0:16:41]} 30. Re2 {[%clk 0:32:11]} Nd7
{[%clk 0:17:05]} 31. Rd3 {[%clk 0:32:18]} Nf6 {[%clk 0:17:17]} 32. Bh3
{[%clk 0:27:35]} Qg6 {[%clk 0:16:44]} 33. Rdxe3 {[%clk 0:25:25]} Rxe3
{[%clk 0:07:01]} 34. Rxe3 {[%clk 0:25:49]} Rxe3 {[%clk 0:07:08]} 35. Qxe3
{[%clk 0:26:14]} Nxd5 {[%clk 0:07:26]} 36. Qd3 {[%clk 0:24:00]} Ne7
{[%clk 0:07:44]} 37. Kg2 {[%clk 0:20:34]} Qe6 {[%clk 0:06:59]} 38. a3
{[%clk 0:07:54]} Kf7 {[%clk 0:06:56]} 39. Kf2 {[%clk 0:06:25]} Qb3
{[%clk 0:04:54]} 40. Qe2 {[%clk 0:33:47]} a5 {[%clk 0:32:12]} 41. Bf1
{[%clk 0:27:31]} Nd5 {[%clk 0:22:26]} 42. Qxb5 {[%clk 0:24:49]} Qc2+
{[%clk 0:22:51]} 43. Qe2 {[%clk 0:15:40]} Qb1 {[%clk 0:17:29]} 44. Qd2
{[%clk 0:06:07]} Nf6 {[%clk 0:16:05]} 45. Bd3 {[%clk 0:06:32]} Ne4+
{[%clk 0:05:54]} 46. Bxe4 {[%clk 0:06:57]} fxe4 {[%clk 0:06:21]} 47. Ke3
{[%clk 0:02:06]} Ke6 {[%clk 0:06:05]} 48. c4 {[%clk 0:01:14]} a4 {[%clk 0:03:22]}
49. Qd5+ {[%clk 0:01:30]} Kd7 {[%clk 0:03:46]} 50. Qb7+ {[%clk 0:01:06]} Kd8
{[%clk 0:04:11]} 51. Qa8+ {[%clk 0:01:14]} Kc7 {[%clk 0:04:19]} 52. Qa5+
{[%clk 0:00:54]} Kb7 {[%clk 0:02:54]} 53. Qb5+ {[%clk 0:01:12]} Kc7
{[%clk 0:03:09]} 54. Qa5+ {[%clk 0:01:40]} Kb7 {[%clk 0:03:34]} 55. Qd2
{[%clk 0:01:19]} Kc7 {[%clk 0:03:33]} 56. f5 {[%clk 0:01:22]} Kd7
{[%clk 0:01:37]} 57. c5 {[%clk 0:00:43]} Qg1+ {[%clk 0:01:21]} 58. Kxe4
{[%clk 0:00:56]} Qxc5 {[%clk 0:01:38]} 59. Qd4 {[%clk 0:00:49]} Qc2+
{[%clk 0:00:55]} 60. Kf4 {[%clk 0:01:16]} Qc1+ {[%clk 0:00:48]} 61. Kg4
{[%clk 0:01:38]} Qc2 {[%clk 0:00:51]} 62. Qg7+ {[%clk 0:01:58]} Kd8
{[%clk 0:00:44]} 63. Qh8+ {[%clk 0:02:21]} Kd7 {[%clk 0:01:08]} 64. Qxh7+
{[%clk 0:02:45]} Kc6 {[%clk 0:01:33]} 65. Qg7 {[%clk 0:01:46]} Qe4+
{[%clk 0:01:47]} 66. Kg5 {[%clk 0:02:11]} d5 {[%clk 0:01:32]} 67. Qf6+
{[%clk 0:00:57]} Kb5 {[%clk 0:01:55]} 68. Qe6 {[%clk 0:01:19]} Qf3
{[%clk 0:02:10]} 69. Qe5 {[%clk 0:01:34]} 1-0

[Event "Team men HL 2016"]
[Site "Sochi"]
[Date "2016.05.07"]
[Round "6.3"]
[White "Kryakvin, Dmitry"]
[Black "Iljiushenok, Ilia"]
[Result "1/2-1/2"]
[LiveChessVersion "1.4.4"]
[BlackElo "2499"]
[WhiteElo "2532"]

1. d4 {[%clk 1:30:57]} d5 {[%clk 1:30:46]} 2. c4 {[%clk 1:30:52]} c6
{[%clk 1:30:46]} 3. cxd5 {[%clk 1:31:45]} cxd5 {[%clk 1:31:12]} 4. Bf4
{[%clk 1:32:11]} Nc6 {[%clk 1:31:14]} 5. e3 {[%clk 1:32:33]} Nf6 {[%clk 1:31:12]}
6. Nc3 {[%clk 1:32:57]} Bf5 {[%clk 1:31:06]} 7. Nf3 {[%clk 1:31:34]} e6
{[%clk 1:31:31]} 8. Ne5 {[%clk 1:27:02]} Bd6 {[%clk 1:28:16]} 9. Bb5
{[%clk 1:21:55]} O-O {[%clk 1:25:25]} 10. Bxc6 {[%clk 1:15:16]} bxc6
{[%clk 1:25:43]} 11. O-O {[%clk 1:14:14]} Rc8 {[%clk 1:17:45]} 12. Rc1
{[%clk 1:13:27]} Qe7 {[%clk 1:01:04]} 13. Na4 {[%clk 1:04:35]} Bxe5
{[%clk 1:01:06]} 14. Bxe5 {[%clk 1:04:08]} Nd7 {[%clk 1:01:29]} 15. Nc5
{[%clk 1:02:57]} Nxe5 {[%clk 0:59:55]} 16. dxe5 {[%clk 1:03:22]} Rb8
{[%clk 0:55:01]} 17. Qd4 {[%clk 1:00:45]} Rb5 {[%clk 0:48:29]} 18. b3
{[%clk 1:00:15]} a5 {[%clk 0:45:32]} 19. f3 {[%clk 0:55:13]} f6 {[%clk 0:44:04]}
20. Na4 {[%clk 0:51:39]} Rc8 {[%clk 0:43:12]} 21. exf6 {[%clk 0:46:52]} gxf6
{[%clk 0:38:03]} 22. Rc5 {[%clk 0:45:13]} e5 {[%clk 0:36:15]} 23. Qc3
{[%clk 0:45:07]} Bd7 {[%clk 0:33:14]} 24. Rc1 {[%clk 0:44:35]} Qd6
{[%clk 0:31:08]} 25. Qd2 {[%clk 0:42:02]} Rd8 {[%clk 0:26:17]} 26. Rxb5
{[%clk 0:38:09]} cxb5 {[%clk 0:26:40]} 27. Qxa5 {[%clk 0:38:13]} Be8
{[%clk 0:20:48]} 28. Nc5 {[%clk 0:32:08]} Rc8 {[%clk 0:21:09]} 29. b4
{[%clk 0:32:11]} d4 {[%clk 0:20:00]} 30. Rd1 {[%clk 0:28:34]} Qc6
{[%clk 0:19:52]} 31. exd4 {[%clk 0:27:49]} Ra8 {[%clk 0:20:13]} 32. d5
{[%clk 0:25:36]} Qxc5+ {[%clk 0:20:39]} 33. bxc5 {[%clk 0:26:04]} Rxa5
{[%clk 0:21:04]} 34. c6 {[%clk 0:24:37]} Rxa2 {[%clk 0:14:32]} 35. Rc1
{[%clk 0:07:05]} Ra8 {[%clk 0:03:07]} 36. Rc5 {[%clk 0:07:20]} Kf7
{[%clk 0:01:59]} 37. d6 {[%clk 0:06:40]} Ke6 {[%clk 0:01:49]} 38. d7
{[%clk 0:06:45]} Bxd7 {[%clk 0:01:45]} 39. cxd7 {[%clk 0:07:09]} Kxd7
{[%clk 0:02:10]} 40. Rxb5 {[%clk 0:37:33]} Ra7 {[%clk 0:32:19]} 1/2-1/2